00747nam a2200205 i 450000100060000000300090000600500170001500700030003200800410003510000380007624501050011426000590021930000220027849000190030070000270031983000270034685200310037399900170040495201200042123950ES-MaACL20230906152949.0t|021213s1927 fr ||||1| fre d1 aAmiel, Henri Frédéric.92123210aFragments inédits du Journal intime / cHenri Frédéric Amiel ; introduction par Edmond Jaloux. aParís : bLa Pleyade, c1927 (fImprimerie du Livre) a333 p. ; c21 cm.1 aEcrits intimes1 aJaloux, Edmond.9659550 aEcrits intimes9229063 aES-MaACLjA-1524 bR.12082 c23950d23950 00104070aATENEOMbATENEOMcSPP1d2008-01-17eSCl0oA-1524p1024686r2023-02-23 00:00:00w2023-02-23yMONOGRAFIA